| 000 | 00871nam a22001817a 4500 | ||
|---|---|---|---|
| 008 | 230919b ag ||||| |||| 00| 0 spa d | ||
| 040 | _aAR-FvUNAJ | ||
| 110 | 2 |
_94900 _aCentro de Estudios Legales y Sociales. |
|
| 245 | 1 | 0 |
_aLos niños desaparecidos / _cCentro de Estudios Legales y Sociales |
| 260 |
_aBuenos Aires : _bCELS, _c1982 |
||
| 300 | _a21 p. | ||
| 440 |
_918050 _a[Publicaciones durante la dictadura] _v4 |
||
| 520 | 3 | _aEste documento analiza el secuestro de niños y niñas junto con sus progenitores y la apropiación de quienes nacieron durante el cautiverio clandestino de sus madres. Los indicios señalaban, en esos años de dictadura, que fueron dados en adopción para destruir su identidad. | |
| 650 | 2 | 7 |
_2unescot _97970 _aDESAPARICION DE PERSONAS |
| 650 | 2 | 7 |
_2unescot _9559 _aDICTADURA |
| 942 |
_2ddc _cLIBRO |
||
| 980 |
_621568 _a Nuñez _821568 _g Nuñez |
||
| 999 |
_c9199 _d9199 |
||